Catalog

Record Details

Catalog Search



Kniha Daniel / Joyce G. Baldwinová, překlad Lenka Procházková Cover Image Book Book

Kniha Daniel / Joyce G. Baldwinová, překlad Lenka Procházková

Baldwinová, Joyce G. (Author). : : (Author). Procházková, Lenka (Added Author).

Record details

  • ISBN: 80-89067-13-1
  • Physical Description: 231 s.
  • Edition: První vydání
  • Publisher: Bratislava : Porta libri, 2003

Available copies

  • 1 of 1 copy available at Common Catalog SPOK.

Holds

  • 0 current holds with 1 total copy.
Show Only Available Copies
Location Call Number / Copy Notes Barcode Shelving Location Status Due Date
ETS Library 224.5 424470016994 Volný výběr Available -

LDR 00826nam a2200289 i 4500
00132661
003CZ-PrJAB
00520190302110648.0
007ta
008 s2003 xr e 000 0 cze
020 . ‡a80-89067-13-1
035 . ‡a(CONS)14258
040 . ‡aABG450 ‡bcze ‡erda
072 7. ‡2Konspekt
082 . ‡a224.5
1001 . ‡aBaldwinová, Joyce G.
1112 . ‡n: ‡d:
24510. ‡aKniha Daniel / ‡bJoyce G. Baldwinová, překlad Lenka Procházková
250 0. ‡aPrvní vydání
264 1. ‡aBratislava : ‡bPorta libri, ‡c2003
300 . ‡a231 s.
336 . ‡atext ‡btxt ‡2rdacontent
338 . ‡asvazek ‡bnc ‡2rdacarrier
4901 . ‡aKomentáře ke Starému zákonu : Daniel , ‡xsv.26
7001 . ‡aProcházková, Lenka
8524 . ‡bETS ‡bETS ‡cVolný výběr ‡j224.5 ‡p424470016994 ‡y$50.00
910 . ‡aABG450
999 . ‡a14258 ‡c14258 ‡tbiblio
905 . ‡uadmin
901 . ‡a32661 ‡b ‡c32661 ‡tbiblio ‡sets

Additional Resources